| 000 | 00601nam a2200217Ia 4500 | ||
|---|---|---|---|
| 003 | GCL | ||
| 008 | 140319s9999 xx 000 0 ara d | ||
| 040 |
_aGCL / _cGCL |
||
| 082 | 0 | 4 |
_a891.7 _bت ق |
| 100 | 1 | _aعلى ادهم | |
| 245 | 1 | 0 |
_aقصص من تولستوى / _cعلى ادهم |
| 700 | 1 | _aمجدالدين حفنى ناصف | |
| 700 | 1 | _aتولستوى، ليو | |
| 300 | _a288 ص | ||
| 490 |
_aالالف كتاب _v0 |
||
| 650 | 0 | 4 | _aالادب |
| 650 | 0 | 4 | _aالادب الروسى |
| 650 | 0 | 4 | _aالقصص الروسية |
| 650 | 0 | 4 | _aتولستوى, ليو |
| 942 |
_2ddc _cBK |
||
| 999 |
_c49814 _d49814 |
||